000 00316nam a2200133Ia 4500
005 20260328101520.0
008 260328s9999||||xx |||||||||||||| ||und||
100 _aSedov, Leonide
245 0 _aL' Homme et la ville /
_cLeonide Sedov
260 _b-----
300 _a267 p.
650 _aDISEÑO URBANO
942 _cBK
999 _c9559
_d9559